000
00302nam a2200109Ia 4500
008
171211s9999 xx 000 0 und d
245
4
_a
The Economics of Casino Gambling
245
_c
Douglas M. Walker
260
_c
2007
650
_x
GAMBLING
856
_u
http://down.ebook777.com/040/9783540351023.pdf
999
_c
349000
_d
349000